000 00354nam a2200145 a 4500
005 20140414132105.0
008 100823s19uu xx 00 eng d
050 _aVCD
_bF65
100 _aRich, Richard
245 _aFlorence Nightingale.
260 _c2001.
300 _a30 mins / Color / Stereo
650 _aFlorence Nightingale
999 _c114584
_d114584